[Event "CYCC U10"]
[Site "Sault Ste Marie CAN"]
[Date "2017.07.06"]
[Round "1"]
[White "Yim, Warren"]
[Black "Wang, Daniel1"]
[Result "0-1"]
[WhiteElo "441"]
[BlackElo "1285"]
[WhiteFideId "-1"]
[WhiteFideId "-1"]
[PlyCount "30"]
[GameId "2160767908344523"]
[EventDate "2017.07.06"]
[EventType "swiss"]
[EventRounds "7"]
[EventCountry "CAN"]
[SourceTitle "EXT 2022"]
[Source "ChessBase"]
[SourceDate "2021.10.06"]
[SourceVersion "1"]
[SourceVersionDate "2021.10.06"]
[SourceQuality "1"]

1. e4 c5 2. Bc4 d6 3. Nc3 Nc6 4. d3 Nf6 5. Bf4 g6 6. Nf3 Bg7 7. O-O O-O 8. Qc1 b6 9. e5 dxe5 10. Nxe5 Nxe5 11. Bxe5 Bb7 12. Qd1 Qd7 13. d4 cxd4 14. Bxd4 Qc6 15. Bb5 Qxg2# 0-1

[Event "CYCC U10"]
[Site "Sault Ste Marie CAN"]
[Date "2017.07.06"]
[Round "1"]
[White "Yuan, Henry"]
[Black "Zhong, Kevin"]
[Result "0-1"]
[WhiteElo "961"]
[BlackElo "1810"]
[WhiteFideId "-1"]
[WhiteFideId "-1"]
[PlyCount "70"]
[GameId "2160767908344524"]
[EventDate "2017.07.06"]
[EventType "swiss"]
[EventRounds "7"]
[EventCountry "CAN"]
[SourceTitle "EXT 2022"]
[Source "ChessBase"]
[SourceDate "2021.10.06"]
[SourceVersion "1"]
[SourceVersionDate "2021.10.06"]
[SourceQuality "1"]

1. e4 c5 2. Nf3 g6 3. Bc4 Bg7 4. O-O Nc6 5. c3 e6 6. d4 d5 7. exd5 exd5 8. Re1+ Nge7 9. Bb5 O-O 10. dxc5 a6 11. Bd3 Bg4 12. Bf4 d4 13. h3 Nd5 14. Bd6 dxc3 15. bxc3 Nxc3 16. Nxc3 Bxc3 17. Bxf8 Bxf3 18. Qxf3 Qxf8 19. Rac1 Bxe1 20. Rxe1 Qxc5 21. Qf4 Qb4 22. Re4 Qf8 23. Qc7 Qd8 24. Qxb7 Na5 25. Qb1 Rb8 26. Rb4 Rxb4 27. Qxb4 Qxd3 28. Qxa5 Kg7 29. f3 Kf6 30. Kf2 Qd4+ 31. Kg3 Qe5+ 32. Qxe5+ Kxe5 33. Kh4 Kf4 34. a3 h6 35. a4 a5 0-1

[Event "CYCC U10"]
[Site "Sault Ste Marie CAN"]
[Date "2017.07.06"]
[Round "1"]
[White "Zhang, Jonathan"]
[Black "Brunet, Alexandre"]
[Result "1-0"]
[WhiteElo "1278"]
[BlackElo "356"]
[WhiteFideId "-1"]
[WhiteFideId "-1"]
[PlyCount "31"]
[GameId "2160767908344526"]
[EventDate "2017.07.06"]
[EventType "swiss"]
[EventRounds "7"]
[EventCountry "CAN"]
[SourceTitle "EXT 2022"]
[Source "ChessBase"]
[SourceDate "2021.10.06"]
[SourceVersion "1"]
[SourceVersionDate "2021.10.06"]
[SourceQuality "1"]

1. e4 e5 2. Nf3 Nc6 3. d4 Bd6 4. d5 Nb4 5. a3 Na6 6. Nc3 Nf6 7. Bg5 Nc5 8. Bc4 Nfxe4 9. Bxd8 Nb3 10. Bxb3 Bc5 11. Nxe4 O-O 12. Nxc5 Re8 13. Ng5 Rxd8 14. Qh5 g6 15. Qxh7+ Kf8 16. Qxf7# 1-0

[Event "CYCC U10"]
[Site "Sault Ste Marie CAN"]
[Date "2017.07.06"]
[Round "1"]
[White "Zhao, Jeffrey Renfei"]
[Black "Xu, Xinge"]
[Result "1-0"]
[WhiteElo "1520"]
[BlackElo "910"]
[WhiteFideId "-1"]
[WhiteFideId "-1"]
[PlyCount "95"]
[GameId "2160767908344527"]
[EventDate "2017.07.06"]
[EventType "swiss"]
[EventRounds "7"]
[EventCountry "CAN"]
[SourceTitle "EXT 2022"]
[Source "ChessBase"]
[SourceDate "2021.10.06"]
[SourceVersion "1"]
[SourceVersionDate "2021.10.06"]
[SourceQuality "1"]

1. e4 e5 2. Nf3 Nc6 3. Bc4 Nf6 4. d3 d6 5. Bb3 Bg4 6. c3 Ne7 7. h3 Bxf3 8. Qxf3 c6 9. Bg5 Ng6 10. O-O Be7 11. Nd2 Nxe4 12. Qxf7+ Kd7 13. Bxe7 Qxe7 14. Qxe7+ Kxe7 15. dxe4 Raf8 16. Rad1 Nh4 17. Nc4 Rd8 18. Rd3 Rhf8 19. Rfd1 Rf6 20. Nxe5 Rf4 21. g3 Rxe4 22. Nf7 Rf8 23. gxh4 Rxf7 24. Bxf7 Kxf7 25. Rxd6 Rxh4 26. Rd7+ Ke6 27. Kg2 g5 28. Rxb7 g4 29. hxg4 Rxg4+ 30. Kf3 h5 31. Rxa7 Kf5 32. Rh1 Rf4+ 33. Ke3 Re4+ 34. Kd3 h4 35. Rh7 c5 36. R7xh4 c4+ 37. Kd2 Re6 38. Rxc4 Rd6+ 39. Rd4 Ra6 40. a4 Rb6 41. b4 Ke5 42. Rh5+ Kf6 43. Rh6+ Kg5 44. Rxb6 Kf5 45. Rb5+ Ke6 46. a5 Ke7 47. Rb6 Ke8 48. Rb7 1-0

[Event "CYCC U10"]
[Site "Sault Ste Marie CAN"]
[Date "2017.07.06"]
[Round "2"]
[White "Beliveau, Mathieu"]
[Black "Hodgson, Trent"]
[Result "1-0"]
[WhiteElo "1097"]
[BlackElo "682"]
[WhiteFideId "-1"]
[WhiteFideId "-1"]
[PlyCount "129"]
[GameId "2160767908344530"]
[EventDate "2017.07.06"]
[EventType "swiss"]
[EventRounds "7"]
[EventCountry "CAN"]
[SourceTitle "EXT 2022"]
[Source "ChessBase"]
[SourceDate "2021.10.06"]
[SourceVersion "1"]
[SourceVersionDate "2021.10.06"]
[SourceQuality "1"]

1. d4 d5 2. Nf3 Nf6 3. c4 e6 4. Nc3 Bb4 5. Qb3 Nc6 6. Bg5 O-O 7. e3 h6 8. Bxf6 Qxf6 9. Bd3 dxc4 10. Bxc4 Qg6 11. O-O e5 12. Nxe5 Nxe5 13. dxe5 Bh3 14. Bd5 c6 15. Bf3 Rfe8 16. Qxb4 Rxe5 17. Qh4 Bf5 18. g3 Rae8 19. Bg2 b5 20. Qd4 Bd3 21. Rfd1 Bc4 22. Qxa7 R8e7 23. Qa8+ Re8 24. Qxc6 Qxc6 25. Bxc6 Rc8 26. Bxb5 Bxb5 27. Nxb5 Rxb5 28. b3 g6 29. Rd2 Kg7 30. Rb2 Rcb8 31. Rab1 Kf6 32. a4 Rb4 33. a5 Ra8 34. Ra1 Ke6 35. f4 Kd5 36. Kf2 Ke4 37. Ke2 Kf5 38. Kf3 h5 39. h3 f6 40. g4+ hxg4+ 41. hxg4+ Ke6 42. e4 f5 43. exf5+ gxf5 44. g5 Kf7 45. Ke3 Ke6 46. Kf3 Kd5 47. Kg3 Kd4 48. Ra4 Rxa4 49. bxa4 Rxa5 50. g6 Rxa4 51. g7 Ra8 52. Rd2+ Ke3 53. Rd7 Rg8 54. Re7+ Kd4 55. Kh4 Kd5 56. Kg5 Kd6 57. Ra7 Ke6 58. Rb7 Kd5 59. Kxf5 Kc6 60. Rf7 Kd5 61. Kg6 Ke4 62. Rf8 Rxf8 63. gxf8=Q Kf3 64. Qf5 Kg3 65. Qd3+ 1-0

[Event "CYCC U10"]
[Site "Sault Ste Marie CAN"]
[Date "2017.07.06"]
[Round "2"]
[White "Bitar, Cammeron"]
[Black "Boucher, Samuel"]
[Result "1-0"]
[WhiteElo "1063"]
[BlackElo "616"]
[WhiteFideId "-1"]
[WhiteFideId "-1"]
[PlyCount "39"]
[GameId "2160767739837716"]
[EventDate "2017.07.06"]
[EventType "swiss"]
[EventRounds "7"]
[EventCountry "CAN"]

1. e4 e5 2. Nf3 Nc6 3. Bc4 Nf6 4. Nc3 Be7 5. Ng5 O-O 6. Nxf7 Rxf7 7. Bxf7+ Kxf7 8. O-O d5 9. Qe1 Bg4 10. d3 Nd4 11. Qd2 Bb4 12. a3 Ba5 13. b4 Bb6 14. Qg5 h6 15. Qxe5 Nxc2 16. Ra2 Bd4 17. Qf4 h5 18. Rxc2 dxe4 19. dxe4 h4 20. e5 {illegal move (... Nh5)} 1-0

[Event "CYCC U10"]
[Site "Sault Ste Marie CAN"]
[Date "2017.07.06"]
[Round "2"]
[White "Brunet, Alexandre"]
[Black "Yuan, Henry"]
[Result "0-1"]
[WhiteElo "356"]
[BlackElo "961"]
[WhiteFideId "-1"]
[WhiteFideId "-1"]
[PlyCount "56"]
[GameId "2160767908344531"]
[EventDate "2017.07.06"]
[EventType "swiss"]
[EventRounds "7"]
[EventCountry "CAN"]
[SourceTitle "EXT 2022"]
[Source "ChessBase"]
[SourceDate "2021.10.06"]
[SourceVersion "1"]
[SourceVersionDate "2021.10.06"]
[SourceQuality "1"]

1. d4 e6 2. e3 c5 3. Bb5 a6 4. Bc4 d5 5. Bb3 c4 6. Ba4+ b5 7. Bxb5+ axb5 8. Nf3 Bd6 9. Nc3 b4 10. e4 bxc3 11. bxc3 dxe4 12. Ng5 Nf6 13. O-O Qc7 14. Re1 Bxh2+ 15. Kf1 O-O 16. Rb1 Rxa2 17. Rb5 Qd7 18. Rxb8 Bxb8 19. Re3 Ra1 20. Rh3 Bf4 21. Rxh7 Rxc1 22. Ke1 Rxd1+ 23. Kxd1 Nxh7 24. Nxh7 Qa4 25. g3 Qa1+ 26. Ke2 Qxc3 27. gxf4 Qxc2+ 28. Ke3 Qd3# 0-1

[Event "CYCC U10"]
[Site "Sault Ste Marie CAN"]
[Date "2017.07.06"]
[Round "2"]
[White "Chen, Andrew2"]
[Black "Yim, Warren"]
[Result "1-0"]
[WhiteElo "1009"]
[BlackElo "441"]
[WhiteFideId "-1"]
[WhiteFideId "-1"]
[PlyCount "59"]
[GameId "2160767908344532"]
[EventDate "2017.07.06"]
[EventType "swiss"]
[EventRounds "7"]
[EventCountry "CAN"]
[SourceTitle "EXT 2022"]
[Source "ChessBase"]
[SourceDate "2021.10.06"]
[SourceVersion "1"]
[SourceVersionDate "2021.10.06"]
[SourceQuality "1"]

1. e4 e5 2. Nf3 Nc6 3. d4 d6 4. Bb5 Bg4 5. d5 Bxf3 6. Qxf3 Nf6 7. dxc6 bxc6 8. Bxc6+ Nd7 9. Bxa8 Qxa8 10. O-O d5 11. exd5 Bc5 12. Nc3 O-O 13. Qg3 g6 14. Be3 Bd6 15. Qg4 Nf6 16. Qf3 Be7 17. Bg5 c5 18. Bxf6 Bxf6 19. Qxf6 Qd8 20. Qxe5 c4 21. Rfe1 Qc8 22. Rad1 a6 23. d6 Qd7 24. Qe7 Qxe7 25. dxe7 Re8 26. Rd8 a5 27. Rxe8+ Kg7 28. Rd8 a4 29. e8=Q f5 30. Qf8# 1-0

[Event "CYCC U10"]
[Site "Sault Ste Marie CAN"]
[Date "2017.07.06"]
[Round "2"]
[White "Chen, Derek1"]
[Black "Chen, Max"]
[Result "0-1"]
[WhiteElo "1336"]
[BlackElo "1974"]
[WhiteFideId "-1"]
[WhiteFideId "-1"]
[PlyCount "95"]
[GameId "2160767908344533"]
[EventDate "2017.07.06"]
[EventType "swiss"]
[EventRounds "7"]
[EventCountry "CAN"]
[SourceTitle "EXT 2022"]
[Source "ChessBase"]
[SourceDate "2021.10.06"]
[SourceVersion "1"]
[SourceVersionDate "2021.10.06"]
[SourceQuality "1"]

1. e4 c5 2. Nf3 e6 3. d4 cxd4 4. Nxd4 Nc6 5. Nc3 Qc7 6. Be2 a6 7. O-O Be7 8. Be3 Nf6 9. a3 b5 10. Qd2 Bb7 11. f4 d6 12. Rad1 Nxd4 13. Bxd4 Nxe4 14. Nxe4 Bxe4 15. Bf3 Bxf3 16. Rxf3 Rg8 17. Qe2 g6 18. Rdd3 Rc8 19. Rc3 Qb7 20. Rxc8+ Qxc8 21. Rg3 Kd7 22. Rc3 Qb7 23. Qf3 Qxf3 24. Rxf3 Rc8 25. Rc3 Rxc3 26. Bxc3 Kc6 27. Kf2 Kd5 28. Ke3 h5 29. Kd3 Bd8 30. Ke3 Bb6+ 31. Kf3 Bd4 32. Bxd4 Kxd4 33. g3 a5 34. Ke2 Ke4 35. c3 e5 36. fxe5 dxe5 37. b3 f5 38. a4 bxa4 39. bxa4 g5 40. h3 f4 41. gxf4 exf4 42. Kd2 g4 43. h4 Kd5 44. Kd3 g3 45. Ke2 g2 46. Kf2 f3 47. Kg1 Kc4 48. Kf2 0-1

[Event "CYCC U10"]
[Site "Sault Ste Marie CAN"]
[Date "2017.07.06"]
[Round "2"]
[White "He, Shukun"]
[Black "Ripley, Noah"]
[Result "1/2-1/2"]
[WhiteElo "812"]
[BlackElo "814"]
[WhiteFideId "-1"]
[WhiteFideId "-1"]
[PlyCount "124"]
[GameId "2160767908344536"]
[EventDate "2017.07.06"]
[EventType "swiss"]
[EventRounds "7"]
[EventCountry "CAN"]
[SourceTitle "EXT 2022"]
[Source "ChessBase"]
[SourceDate "2021.10.06"]
[SourceVersion "1"]
[SourceVersionDate "2021.10.06"]
[SourceQuality "1"]

1. e4 e5 2. Nf3 Nc6 3. Bc4 Bc5 4. Nc3 Nf6 5. d3 d6 6. h3 h6 7. Be3 Bb4 8. a3 Bxc3+ 9. bxc3 a6 10. a4 Na5 11. Bb3 Qe7 12. Nd2 Be6 13. Bxe6 Qxe6 14. f3 Nh5 15. d4 Ng3 16. Rg1 f5 17. Bf2 Nh5 18. Qe2 c6 19. Qe3 f4 20. Qd3 O-O 21. g4 Nf6 22. h4 b5 23. g5 hxg5 24. hxg5 Nh7 25. d5 cxd5 26. exd5 Qe7 27. axb5 axb5 28. Qxb5 Nb7 29. Rb1 Rab8 30. g6 Nf6 31. Ba7 Rbc8 32. Qxb7 Rc7 33. Qb5 Rxa7 34. Qd3 Rb7 35. Rxb7 Qxb7 36. Ke2 Qxd5 37. Qxd5+ Nxd5 38. Ne4 Rd8 39. Rd1 Ne3 40. Rxd6 Rxd6 41. Nxd6 Nxc2 42. Kd3 Ne1+ 43. Ke4 Kf8 44. Kxe5 Nxf3+ 45. Kxf4 Nh4 46. Kg5 Nf3+ 47. Kf5 Ke7 48. Nc8+ Kd7 49. Nb6+ Ke7 50. c4 Nh4+ 51. Ke5 Nxg6+ 52. Kd5 Nf8 53. c5 Nd7 54. Nc8+ Kd8 55. Ke6 Nf8+ 56. Kf7 g6 57. Nd6 Kd7 58. Ne4 Kc6 59. Kxf8 g5 60. Kf7 g4 61. Ke6 g3 62. Nxg3 Kxc5 1/2-1/2

[Event "CYCC U10"]
[Site "Sault Ste Marie CAN"]
[Date "2017.07.06"]
[Round "2"]
[White "Huang, Youhe"]
[Black "Locham, Divjot"]
[Result "1-0"]
[WhiteElo "1448"]
[BlackElo "1119"]
[WhiteFideId "-1"]
[WhiteFideId "-1"]
[PlyCount "79"]
[GameId "2160767908344537"]
[EventDate "2017.07.06"]
[EventType "swiss"]
[EventRounds "7"]
[EventCountry "CAN"]
[SourceTitle "EXT 2022"]
[Source "ChessBase"]
[SourceDate "2021.10.06"]
[SourceVersion "1"]
[SourceVersionDate "2021.10.06"]
[SourceQuality "1"]

1. e4 e5 2. Nf3 Nc6 3. Bb5 a6 4. Ba4 b5 5. Bb3 Nf6 6. O-O Be7 7. Re1 O-O 8. c3 d6 9. d3 Bg4 10. h3 Bh5 11. Nbd2 a5 12. Nf1 a4 13. Bc2 b4 14. Bxa4 Bxf3 15. gxf3 Ra6 16. Bxc6 Rxc6 17. cxb4 Qc8 18. Kh2 Nh5 19. Ng3 Rxc1 20. Rxc1 Nf4 21. Nf5 Qd7 22. Nxe7+ Qxe7 23. Rh1 Qh4 24. Qf1 Qh5 25. Rg1 Qxf3 26. Rg3 Qe2 27. Qxe2 Nxe2 28. Rxc7 Nxg3 29. Kxg3 Rd8 30. b5 Rb8 31. b6 g6 32. b7 Kg7 33. a4 Kh6 34. a5 f5 35. a6 f4+ 36. Kg4 g5 37. a7 Rf8 38. b8=Q Rxb8 39. axb8=Q d5 40. Qb6# 1-0

[Event "CYCC U10"]
[Site "Sault Ste Marie CAN"]
[Date "2017.07.06"]
[Round "2"]
[White "Latorre, Vincent"]
[Black "Zhao, Jeffrey Renfei"]
[Result "0-1"]
[WhiteElo "1200"]
[BlackElo "1520"]
[WhiteFideId "-1"]
[WhiteFideId "-1"]
[PlyCount "62"]
[GameId "2160767908344538"]
[EventDate "2017.07.06"]
[EventType "swiss"]
[EventRounds "7"]
[EventCountry "CAN"]
[SourceTitle "EXT 2022"]
[Source "ChessBase"]
[SourceDate "2021.10.06"]
[SourceVersion "1"]
[SourceVersionDate "2021.10.06"]
[SourceQuality "1"]

1. e4 c5 2. Nf3 d6 3. d4 cxd4 4. Nxd4 Nf6 5. Nc3 a6 6. Be2 e6 7. O-O Be7 8. Be3 Qc7 9. Qd3 b5 10. a3 Nbd7 11. Rfd1 Nc5 12. Qd2 Ncxe4 13. Nxe4 Nxe4 14. Qd3 Bb7 15. Rac1 d5 16. f4 O-O 17. c3 Bd6 18. Rf1 Rac8 19. g3 Qe7 20. Bf3 Rfd8 21. Bg2 Bc5 22. Kh1 Qd7 23. Bg1 Nd6 24. Rce1 Nc4 25. Qc2 a5 26. f5 e5 27. Ne2 d4 28. cxd4 Bxg2+ 29. Kxg2 Bxd4 30. Qb1 Qb7+ 31. Rf3 Nd2 0-1

[Event "CYCC U10"]
[Site "Sault Ste Marie CAN"]
[Date "2017.07.06"]
[Round "2"]
[White "Li, Neal Nian"]
[Black "Wang, Daniel Z"]
[Result "0-1"]
[WhiteElo "565"]
[BlackElo "980"]
[WhiteFideId "-1"]
[WhiteFideId "-1"]
[PlyCount "48"]
[GameId "2160767908344539"]
[EventDate "2017.07.06"]
[EventType "swiss"]
[EventRounds "7"]
[EventCountry "CAN"]

1. e4 c5 2. Nf3 d6 3. d4 cxd4 4. Nxd4 Nf6 5. Nc3 g6 6. Bb5+ Bd7 7. O-O Bg7 8. Be3 O-O 9. Qd2 a6 10. Bxd7 Qxd7 11. Bh6 Nc6 12. Nxc6 Qxc6 13. Rfe1 Rac8 14. h3 b5 15. e5 dxe5 16. Rxe5 b4 17. Ne2 Qxc2 18. Qxb4 Bxh6 19. Qxe7 Bg7 20. Kh2 Qxb2 21. Rc1 Ng4+ 22. Kg1 Rxc1+ 23. Nxc1 Bxe5 24. hxg4 Qxc1# 0-1

[Event "CYCC U10"]
[Site "Sault Ste Marie CAN"]
[Date "2017.07.06"]
[Round "2"]
[White "Liu, Henry"]
[Black "Wang, Andrew1"]
[Result "1-0"]
[WhiteElo "1547"]
[BlackElo "1196"]
[WhiteFideId "-1"]
[WhiteFideId "-1"]
[PlyCount "139"]
[GameId "2160767908344540"]
[EventDate "2017.07.06"]
[EventType "swiss"]
[EventRounds "7"]
[EventCountry "CAN"]
[SourceTitle "EXT 2022"]
[Source "ChessBase"]
[SourceDate "2021.10.06"]
[SourceVersion "1"]
[SourceVersionDate "2021.10.06"]
[SourceQuality "1"]

1. c4 Nf6 2. g3 c5 3. Nc3 Nc6 4. Bg2 g6 5. Nf3 Bg7 6. O-O O-O 7. a3 b6 8. Rb1 e6 9. b4 d5 10. d3 Qe7 11. Na4 cxb4 12. axb4 Rd8 13. Qb3 Bb7 14. Ba3 Qc7 15. Rfc1 a6 16. b5 Na5 17. Qa2 d4 18. c5 axb5 19. cxb6 Qxc1+ 20. Rxc1 bxa4 21. Nd2 Nd5 22. Qb2 Nc3 23. Bxb7 Nxb7 24. Nc4 Rac8 25. Bb4 Nd5 26. Bd2 Nc5 27. Na5 Nd7 28. b7 Rxc1+ 29. Qxc1 N5b6 30. Nc6 Rf8 31. Ba5 Nd5 32. Qb2 Nc3 33. Bc7 Re8 34. b8=Q Nxb8 35. Bxb8 Bf8 36. Be5 a3 37. Qa1 Bc5 38. Kf1 a2 39. Nxd4 Bxd4 40. Bxd4 Rb8 41. Bxc3 Rb1+ 42. Kg2 Rxa1 43. Bxa1 f5 44. Kf3 Kf7 45. Ke3 e5 46. Bxe5 Ke6 47. Ba1 Kd5 48. Kd2 Kc5 49. Bc3 Kb5 50. Kc2 Ka4 51. Kb2 a1=Q+ 52. Kxa1 Kb3 53. Bd4 Kc2 54. e4 Kxd3 55. e5 Kxd4 56. e6 Ke4 57. e7 Kf3 58. e8=Q Kxf2 59. Qh8 g5 60. Qxh7 f4 61. g4 Kg2 62. Qc2+ Kh3 63. Qe2 f3 64. Qxf3+ Kxh2 65. Kb2 Kg1 66. Kc2 Kh2 67. Kd2 Kg1 68. Qe2 Kh1 69. Ke3 Kg1 70. Kf3 1-0

[Event "CYCC U10"]
[Site "Sault Ste Marie CAN"]
[Date "2017.07.06"]
[Round "2"]
[White "Milardovic, Ivan"]
[Black "Parent, Etienne"]
[Result "0-1"]
[WhiteElo "639"]
[BlackElo "1039"]
[WhiteFideId "-1"]
[WhiteFideId "-1"]
[PlyCount "52"]
[GameId "2160767908344541"]
[EventDate "2017.07.06"]
[EventType "swiss"]
[EventRounds "7"]
[EventCountry "CAN"]
[SourceTitle "EXT 2022"]
[Source "ChessBase"]
[SourceDate "2021.10.06"]
[SourceVersion "1"]
[SourceVersionDate "2021.10.06"]
[SourceQuality "1"]

1. e3 e5 2. Qf3 d5 3. c4 Nf6 4. Nc3 d4 5. Nd5 e4 6. Nxf6+ Qxf6 7. Qxe4+ Be7 8. Be2 O-O 9. exd4 Bf5 10. Qe3 Qc6 11. Nf3 Na6 12. O-O Nb4 13. Qxe7 Nc2 14. Rb1 Rfe8 15. Qg5 Bg6 16. Ne5 Qe4 17. Bd3 f6 18. Qg3 Qxd4 19. Nxg6 hxg6 20. Qxg6 Nb4 21. Qh7+ Kf7 22. Bg6+ Ke7 23. Re1+ Kd6 24. Rxe8 Nd3 25. Qxg7 Qxf2+ 26. Kh1 Qf1# 0-1

[Event "CYCC U10"]
[Site "Sault Ste Marie CAN"]
[Date "2017.07.06"]
[Round "2"]
[White "Qiu, James"]
[Black "Borysenko, Andrii"]
[Result "0-1"]
[WhiteElo "1152"]
[BlackElo "1425"]
[WhiteFideId "-1"]
[WhiteFideId "-1"]
[PlyCount "56"]
[GameId "2160767908344543"]
[EventDate "2017.07.06"]
[EventType "swiss"]
[EventRounds "7"]
[EventCountry "CAN"]
[SourceTitle "EXT 2022"]
[Source "ChessBase"]
[SourceDate "2021.10.06"]
[SourceVersion "1"]
[SourceVersionDate "2021.10.06"]
[SourceQuality "1"]

1. e4 c6 2. d4 d5 3. Nc3 dxe4 4. Nxe4 Bf5 5. Ng3 Bg6 6. Nf3 Nd7 7. Bd3 Bxd3 8. Qxd3 Ngf6 9. O-O e6 10. Re1 Be7 11. Bf4 O-O 12. Ng5 h6 13. N5e4 Nd5 14. Bd2 N7f6 15. Qf3 Kh8 16. c4 Nxe4 17. Nxe4 Nf6 18. Qh3 Nxe4 19. Rxe4 Bg5 20. Bc3 b5 21. cxb5 cxb5 22. Rd1 Bf6 23. Rd3 Qd5 24. Rg4 Qf5 25. g3 Qxd3 26. Rf4 Qg6 27. Rg4 Qf5 28. Rf4 Qxh3 0-1

[Event "CYCC U10"]
[Site "Sault Ste Marie CAN"]
[Date "2017.07.06"]
[Round "2"]
[White "Srinivas, Atharva"]
[Black "Vo, Peter"]
[Result "1-0"]
[WhiteElo "1383"]
[BlackElo "1362"]
[WhiteFideId "-1"]
[WhiteFideId "-1"]
[PlyCount "125"]
[GameId "2160767908344545"]
[EventDate "2017.07.06"]
[EventType "swiss"]
[EventRounds "7"]
[EventCountry "CAN"]
[SourceTitle "EXT 2022"]
[Source "ChessBase"]
[SourceDate "2021.10.06"]
[SourceVersion "1"]
[SourceVersionDate "2021.10.06"]
[SourceQuality "1"]

1. Nf3 Nf6 2. Nc3 g6 3. e4 d6 4. d4 Bg7 5. Bc4 O-O 6. O-O Re8 7. h3 Nbd7 8. Ng5 e6 9. f4 h6 10. Nf3 Nb6 11. Bb3 a5 12. a4 c5 13. dxc5 dxc5 14. Qxd8 Rxd8 15. Be3 Nbd7 16. Rad1 b6 17. Bf2 Bb7 18. Bh4 Rdc8 19. e5 Ba6 20. Rfe1 Nd5 21. Bxd5 exd5 22. Nxd5 Kh7 23. Ne7 Rc7 24. Nd5 Rcc8 25. e6 fxe6 26. Rxe6 Rab8 27. Re7 Nf8 28. Bf6 Rb7 29. Bxg7 Rxe7 30. Nxe7 Re8 31. Bxf8 Rxf8 32. Rd7 Rf7 33. Ne5 Rg7 34. N7xg6 Rxd7 35. Nf8+ Kg7 36. Nfxd7 Bb7 37. Nxb6 Kf6 38. Nbd7+ Kf5 39. Nxc5 Bd5 40. g3 h5 41. c4 Ba8 42. Nb3 h4 43. Kf2 hxg3+ 44. Kxg3 Be4 45. Nxa5 Bc2 46. b3 Ke4 47. c5 Kd5 48. c6 Bf5 49. Kh4 Kc5 50. Kg5 Bxh3 51. f5 Kb6 52. Nac4+ Kc7 53. b4 Bg2 54. b5 Bd5 55. b6+ Kc8 56. Nd6+ Kd8 57. c7+ Ke7 58. c8=Q Bb7 59. Qxb7+ Kxd6 60. Kf6 Kc5 61. Qc6+ Kb4 62. Nd3+ Ka5 63. Qb5# 1-0

[Event "CYCC U10"]
[Site "Sault Ste Marie CAN"]
[Date "2017.07.06"]
[Round "2"]
[White "Wang, Daniel1"]
[Black "Guipi Bopala, Prince Eric jr"]
[Result "0-1"]
[WhiteElo "1285"]
[BlackElo "1814"]
[WhiteFideId "-1"]
[WhiteFideId "-1"]
[PlyCount "108"]
[GameId "2160767908344546"]
[EventDate "2017.07.06"]
[EventType "swiss"]
[EventRounds "7"]
[EventCountry "CAN"]
[SourceTitle "EXT 2022"]
[Source "ChessBase"]
[SourceDate "2021.10.06"]
[SourceVersion "1"]
[SourceVersionDate "2021.10.06"]
[SourceQuality "1"]

1. e4 e5 2. Bc4 Nc6 3. Nf3 Bc5 4. d3 Nf6 5. Nbd2 O-O 6. Nf1 d6 7. c3 a6 8. Bb3 Bb6 9. Ng3 h6 10. O-O Be6 11. Bc2 Qe7 12. d4 exd4 13. cxd4 Bg4 14. Be3 Rfe8 15. d5 Ne5 16. Bxb6 cxb6 17. Kh1 Nfd7 18. Nf5 Qf6 19. N5d4 Nxf3 20. gxf3 Bh5 21. Nf5 Ne5 22. Qd4 Bxf3+ 23. Kg1 Be2 24. Qxb6 Qg5+ 25. Ng3 Nf3+ 26. Kg2 Bxf1+ 27. Rxf1 Nh4+ 28. Kh1 Qf4 29. f3 Rac8 30. Bd1 Qd2 31. Qg1 Qxb2 32. Nh5 g6 33. Rf2 Qd4 34. Ba4 Re7 35. Bd1 Rc1 36. Rf1 Qxg1+ 37. Rxg1 Nxf3 38. Bxf3 Rxg1+ 39. Kxg1 gxh5 40. Bxh5 Rxe4 41. Bf3 Ra4 42. Bg4 Rxg4+ 43. Kf2 Ra4 44. h4 Rxa2+ 45. Kf3 b5 46. h5 b4 47. Kf4 b3 48. Kf5 Re2 49. Kf4 b2 50. Kf3 Re5 51. Kf2 b1=Q 52. Kf3 Qf1+ 53. Kg3 Rg5+ 54. Kh4 Qh1# 0-1

[Event "CYCC U10"]
[Site "Sault Ste Marie CAN"]
[Date "2017.07.06"]
[Round "2"]
[White "Wang, David"]
[Black "Sharma, Vishruth"]
[Result "0-1"]
[WhiteElo "1263"]
[BlackElo "1719"]
[WhiteFideId "-1"]
[WhiteFideId "-1"]
[PlyCount "104"]
[GameId "2160767908344547"]
[EventDate "2017.07.06"]
[EventType "swiss"]
[EventRounds "7"]
[EventCountry "CAN"]
[SourceTitle "EXT 2022"]
[Source "ChessBase"]
[SourceDate "2021.10.06"]
[SourceVersion "1"]
[SourceVersionDate "2021.10.06"]
[SourceQuality "1"]

1. e4 e5 2. Nf3 Nc6 3. Bc4 Bc5 4. c3 Nf6 5. d3 O-O 6. Bg5 Be7 7. Nbd2 d6 8. O-O Be6 9. Bxe6 fxe6 10. d4 exd4 11. cxd4 e5 12. dxe5 Nxe5 13. Qb3+ Kh8 14. Rfe1 h6 15. Bxf6 Bxf6 16. Qxb7 Nd3 17. Re3 Nxb2 18. e5 dxe5 19. Rc1 e4 20. Nxe4 Bd4 21. Nxd4 Qxd4 22. Qxc7 Rfe8 23. Qc3 Qxc3 24. Nxc3 Rxe3 25. fxe3 Re8 26. Re1 Nd3 27. Re2 Rc8 28. Rc2 Nb4 29. Rb2 Rxc3 30. Rxb4 Ra3 31. Rb2 Rxe3 32. Kf2 Ra3 33. g3 Kg8 34. Kg2 Kf7 35. Rf2+ Ke6 36. Re2+ Kd5 37. Kh3 Kd4 38. Kh4 Ra5 39. Kh3 Kd3 40. Rb2 Ra4 41. Rf2 a5 42. Kg2 Rc4 43. Rf3+ Kc2 44. Ra3 a4 45. Rf3 Kb2 46. Kh3 Kxa2 47. Rf2+ Kb3 48. Rf3+ Rc3 49. Rf1 a3 50. Rb1+ Kc2 51. Ra1 Kb2 52. Rf1 a2 0-1

[Event "CYCC U10"]
[Site "Sault Ste Marie CAN"]
[Date "2017.07.06"]
[Round "2"]
[White "Xie, Austin"]
[Black "Bocan, Richard"]
[Result "1-0"]
[WhiteElo "1348"]
[BlackElo "1086"]
[WhiteFideId "-1"]
[WhiteFideId "-1"]
[PlyCount "59"]
[GameId "2160767908344549"]
[EventDate "2017.07.06"]
[EventType "swiss"]
[EventRounds "7"]
[EventCountry "CAN"]
[SourceTitle "EXT 2022"]
[Source "ChessBase"]
[SourceDate "2021.10.06"]
[SourceVersion "1"]
[SourceVersionDate "2021.10.06"]
[SourceQuality "1"]

1. d4 Nf6 2. c4 e6 3. Nc3 d5 4. e3 c6 5. Bd3 Bd6 6. Nge2 O-O 7. Bd2 Nbd7 8. Qc2 Re8 9. f4 Nf8 10. O-O-O N6d7 11. g4 f6 12. h4 Kh8 13. h5 dxc4 14. Bxc4 e5 15. h6 g6 16. dxe5 fxe5 17. f5 Qf6 18. Ne4 Qe7 19. Nxd6 Qxd6 20. e4 Qe7 21. Be3 b5 22. Bb3 c5 23. Bd5 Rb8 24. Qd2 Nf6 25. Bc6 Bd7 26. Bxd7 N8xd7 27. g5 Ng4 28. f6 Qe6 29. Qxd7 Nxe3 30. Qg7# 1-0